| 000 | 00814cam a2200229 4500 | ||
|---|---|---|---|
| 001 | ABS64226 | ||
| 008 | 010725n2001 000 0 eng u | ||
| 035 | _a(Sirsi) u113756 | ||
| 100 | _aSlavid, R. | ||
| 245 | _aMaintaining a sense of history | ||
| 260 | _c2001 | ||
| 490 |
_aArchitects' Journal _v214(1) 5 July 2001, 16-17(2) |
||
| 520 | _aReports on the various papers given at the National Conservation Conference in June 2001. Highlights speakers different approaches for tackling the conservation of historic buildings. | ||
| 590 | _aABS | ||
| 650 | _aCONFERENCES | ||
| 650 | _aCONSERVATION | ||
| 650 | _aSPECIFICATION WRITING | ||
| 650 | _aFEE BIDDING | ||
| 650 | _aHISTORIC BUILDINGS | ||
| 690 | _aBUILT ENVIRONMENT-BUILDING MAINTENANCE AND REFURBISHMENT-BUILDING CONSERVATION | ||
| 942 | _n0 | ||
| 999 |
_c67779 _d67779 |
||